The End - The Beatles full Lyrics - Statistics

General Stats
  • This quiz has been taken 70 times
  • The average score is 70 of 76
Answer Stats
Answer % Correct
end,
97%
the
97%
the
97%
the
97%
you
97%
you,
97%
you.
97%
you,
97%
you.
97%
you,
97%
you.
97%
you,
97%
you.
97%
you,
97%
you.
97%
you,
97%
you.
97%
you,
97%
you.
97%
you,
97%
you.
97%
you,
97%
you.
97%
you,
97%
you.
97%
you,
97%
you.
97%
you,
97%
you.
97%
you
97%
you
97%
in
95%
in
95%
Love
95%
love
95%
Love
95%
love
95%
Love
95%
love
95%
Love
95%
love
95%
Love
95%
love
95%
Love
95%
love
95%
Love
95%
love
95%
Love
95%
love
95%
Love
95%
love
95%
Love
95%
love
95%
Love
95%
love
95%
Love
95%
love
95%
Love...
95%
love
95%
love
95%
to
95%
to
95%
Is
92%
take
92%
And
90%
equal
90%
make.
90%
Oh
76%
be
75%
my
75%
yeah!
73%
dreams
70%
going
70%
tonight?
70%
Are
67%
Alright!
62%
No matching quizzes found
Score Distribution
Percent of People with Each Score
Percentile by Number Answered
Your Score History
You have not taken this quiz